Регионална библиотека "Любен Каравелов" - Русе

Високосният ден (Запис номер 327901)

MARC детайли
000 -Лидер
Контролно поле с фиксирана дължина 01133nam a2200289 a 4500
003 - Код на организацията, давaща контролен номер
Контролно поле BLK
005 - Дата и час на последна редакция
Контролно поле 20240301151543.0
008 - Елементи от данни с фиксирана дължина
fixed length control field 181217b bu a|||gr|||| 00| 0 bu d
020 ## - Международен стандартен номер на книга ISBN
Международен стандартен номер на книга ISBN 9789540912530
040 ## - Източник на каталожния запис
Идентификатор на билиотеката - собственик на записа BLK
041 ## - Код за език
Код за езика на текст/звукозапис или на отделно заглавие Български
Код за езика КДБФ Български
080 ## - УДК
Текстов определител УДК Българска литература
УДК код - определител по УДК 821.163.2
УДК определител -1
УДК - код + определител 821.163.2-1
100 1# - Редна дума - Автор
Автор Цанева, Габриела Цанева
Дати, свързани с автора 1964-
Автор - информация (биография) Автор на поезия, проза и илюстрации.
R(LIN) 139020
139 ## - Редно поле
Редна дума Цанева, Габриела Цанева
Авторски знак Цан - Ц 16
245 ## - Сведения за заглавието
Заглавие Високосният ден
Подзаглавни данни лирика
260 ## - Област на издателските данни
9 (RLIN) 209473
Място на издаване, разпространение и проч. София
Име на издателя, разпространителя и проч. Захарий Стоянов
Година на издаване 2018
Печатница Миг принт
Дата на отпечатване 2018
300 ## - Физическа характеристика
Страници 152 с.
Илюстрации и др. с ил.
Размери/Мащаб 20 см
380 ## - Жанр
Жанр Худож. лит.
653 #7 - Ключова дума – ненормативна
9 (RLIN) 193978
Ключова дума поезия
700 1# - Други автори (авторска отговорност)
Лично име Цанева, Габриела Цанева
Дати, свързани с автора 1964-
Друга информация Автор на поезия, проза и илюстрации.
9 (RLIN) 139020
852 ## - Местоположение
Форматна сигнатура Цб 292686
852 ## - Местоположение
Форматна сигнатура К 821.163.2/Ц 16 Г
999 ## - СИСТЕМНИ КОНТРОЛНИ НОМЕРА
Koha biblionumber 327901
Koha biblioitemnumber 327901
942 ## - АРТИКУЛИ
Вид на библиотечния материал Книги
Скрит в OPAC Не
Периодичен библиозапис Да
944 ## - СЪЗДАВАНЕ И РЕДАКЦИЯ на ЗАПИСА
Създаване/Редакция Създаване
Дата на регистрацията/редакция 2018-12-17
Служител, извършил регистрацията/редакцията 30560
Статус, дата на статуса Геновева Генчева
999 ## - СИСТЕМНИ КОНТРОЛНИ НОМЕРА
Koha biblioitemnumber 327901
999 ## - СИСТЕМНИ КОНТРОЛНИ НОМЕРА
Koha biblioitemnumber 327901
Наличности
Код за отписване Код за изгубен артикул Източник на класификационната схема Код за повреда Коз за рестрикции Код за отдаване Артикулен № Име на библиотеката - собственик Име на библиотеката, в която се намира в момента Статус (Текущо местоположение) Дата на вписване в системата Местоположение - отдел Цена в лева Систематично азбучна сигнатура Баркод Цена в евро Служебен тип на артикула Номерация (Хронология)
  Не е изгубен Universal Decimal Classification Не е повреден без рестрикции ползва се в читалня 687472 Регионална библиотека "Любен Каравелов" Русе Регионална библиотека "Любен Каравелов" Русе Хранилище 2018-12-19 Хранилище 10.00 Цб 292686 120000827830 5.11 Книги  
  Не е изгубен Universal Decimal Classification Не е повреден без рестрикции ползва се в читалня 729599 Регионална библиотека "Любен Каравелов" Русе Регионална библиотека "Любен Каравелов" Русе Краезнание 2019-07-10 Краезнание 10.00 К 821.163.2/Ц 16 Г 120000833572 5.11 Книги  
  Не е изгубен Universal Decimal Classification Не е повреден без рестрикции ползва се в читалня 729600 Регионална библиотека "Любен Каравелов" Русе Регионална библиотека "Любен Каравелов" Русе Заемна - подръчен фонд 2019-07-10 Заемна - подръчен фонд 10.00 П 886.7-1/Ц 16 120000833571 5.11 Книги  
  Не е изгубен Universal Decimal Classification Не е повреден само за читалня ползва се в читалня 731264 Регионална библиотека "Любен Каравелов" Русе Регионална библиотека "Любен Каравелов" Русе Хранилище 2019-07-23 Основен фонд - ползва се само за читалня 10.00 Цб 292686 120000834721 5.11 Книги с автограф от Габриела Цанева
Vip Innovations Ltd, Rousse, Bulgaria 2025